| 000 | 00357nam a22001337a 4500 | ||
|---|---|---|---|
| 020 | _a9780070647916 | ||
| 082 |
_222 _a621.381044 |
||
| 100 | _aKothari, D. P. and Nagrath, I. J. | ||
| 245 | _aPower system engineering / | ||
| 250 | _a2 nd. | ||
| 260 |
_aNew Delhi, _bTata McGrew Hall, _cc2008. |
||
| 300 |
_axix,1074 p. ; _bill. ; _c24 cm. |
||
| 942 |
_2ddc _cEE _013 |
||
| 999 |
_c1613 _d1613 |
||